Aproximacion teorica a la juridicidad : (Registro nro. 2054)

Detalles MARC
000 -LEADER
fixed length control field 01231nam a2200313 4500
001 - CONTROL NUMBER
control field 0000013910
003 - CONTROL NUMBER IDENTIFIER
control field CO-CtgCURN
005 - DATE AND TIME OF LATEST TRANSACTION
control field 20250329164835.0
007 - PHYSICAL DESCRIPTION FIXED FIELD--GENERAL INFORMATION
fixed length control field ta
008 - FIXED-LENGTH DATA ELEMENTS--GENERAL INFORMATION
fixed length control field 160627s2001 000 0 eng d
020 ## - INTERNATIONAL STANDARD BOOK NUMBER
International Standard Book Number 9586902447
040 ## - CATALOGING SOURCE
Original cataloging agency CO-CtgCURN
Language of cataloging spa
Transcribing agency coctgcurn
082 0# - DEWEY DECIMAL CLASSIFICATION NUMBER
Classification number 340.1
Item number O77ap
100 1# - MAIN ENTRY--PERSONAL NAME
Personal name Ortíz Castro, José Ivan.
245 10 - TITLE STATEMENT
Title Aproximacion teorica a la juridicidad :
Remainder of title (logica, teoria del conocimiento y epistemología) /
Statement of responsibility, etc. José Ivan Ortíz Castro.
260 ## - PUBLICATION, DISTRIBUTION, ETC.
Place of publication, distribution, etc. Bogotá :
Name of publisher, distributor, etc. Leyer,
Date of publication, distribution, etc. 2001.
300 ## - PHYSICAL DESCRIPTION
Extent 184 p.
336 ## - CONTENT TYPE
Source rdacontent
337 ## - MEDIA TYPE
Source rdamedia
Media type term sin mediacion
Media type code n
338 ## - CARRIER TYPE
Source rdacarrier
Carrier type term volumen
Carrier type code nc
504 ## - BIBLIOGRAPHY, ETC. NOTE
Bibliography, etc. note Bibliografia (p. 177-181 )
505 8# - FORMATTED CONTENTS NOTE
Formatted contents note Practicas y discursos.--Niveles del conocimiento.--La logica.--Ciencia e ideología.--Formas del pensamiento.--Modelos epistemologicos.--Proceso de pensar y las formas del pensamiento.--Ideología y ciencia
650 14 - SUBJECT ADDED ENTRY--TOPICAL TERM
Topical term or geographic name entry element Derecho
Form subdivision Metodología.
908 ## - PUT COMMAND PARAMETER (RLIN)
Put command parameter 160627
942 ## - ADDED ENTRY ELEMENTS (KOHA)
Koha item type Libros
Classification part 340.1
Item part O77ap
Source of classification or shelving scheme Dewey Decimal Classification
Existencias
Withdrawn status Lost status Source of classification or shelving scheme Damaged status Not for loan Collection Home library Current library Shelving location Date acquired Inventory number Total checkouts Full call number Barcode Date last seen Copy number Price effective from Koha item type Public note Date last checked out
    Dewey Decimal Classification     General Miguel Henríquez Castañeda Miguel Henríquez Castañeda General 03/29/2025 003463   340.1 O77ap 003463 03/29/2025 ej.1 03/29/2025 Libros 340-DEREC  
    Dewey Decimal Classification     General Miguel Henríquez Castañeda Miguel Henríquez Castañeda General 03/29/2025 003464   340.1 O77ap 003464 03/29/2025 ej.2 03/29/2025 Libros 340-DEREC  
    Dewey Decimal Classification     General Miguel Henríquez Castañeda Miguel Henríquez Castañeda General 03/29/2025 003465 2 340.1 O77ap 003465 09/02/2025 ej.3 03/29/2025 Libros 340-DEREC 09/01/2025